<?xml version="1.0" encoding="UTF-8"?>
<collection xmlns="http://www.loc.gov/MARC21/slim">
  <record>
    <leader>00000nam  2200000   4500</leader>
    <controlfield tag="001">$a INLIS000000000002136</controlfield>
    <controlfield tag="005">$a 20260609093416</controlfield>
    <controlfield tag="008">$a 260609###########################0######</controlfield>
    <datafield tag="022" ind1="#" ind2="#">
      <subfield code="a">978-602-425-345-5</subfield>
    </datafield>
    <datafield tag="035" ind1="#" ind2="#">
      <subfield code="a">0010-0224000018</subfield>
    </datafield>
    <datafield tag="082" ind1="#" ind2="#">
      <subfield code="a">158.4</subfield>
    </datafield>
    <datafield tag="084" ind1="#" ind2="#">
      <subfield code="a">158.4 WIB k</subfield>
    </datafield>
    <datafield tag="100" ind1=" " ind2="#">
      <subfield code="a">Wibowo</subfield>
    </datafield>
    <datafield tag="245" ind1="#" ind2="#">
      <subfield code="a">Kepemimpinan Pemahaman Dasar, Pandangan Konvensional, Gagasan Kontemporer :</subfield>
      <subfield code="b">-</subfield>
      <subfield code="c">Wibowo (Penulis)</subfield>
    </datafield>
    <datafield tag="246" ind1="#" ind2="#">
      <subfield code="a"/>
    </datafield>
    <datafield tag="260" ind1="#" ind2="#">
      <subfield code="a">Depok :</subfield>
      <subfield code="b">PT Raja Grafindo Persada,</subfield>
      <subfield code="c">2018</subfield>
    </datafield>
    <datafield tag="300" ind1="#" ind2="#">
      <subfield code="a">353 hlm :</subfield>
      <subfield code="b">- ;</subfield>
      <subfield code="c">23 hlm</subfield>
      <subfield code="d"/>
    </datafield>
    <datafield tag="336" ind1="#" ind2="#">
      <subfield code="a"/>
    </datafield>
    <datafield tag="337" ind1="#" ind2="#">
      <subfield code="a"/>
    </datafield>
    <datafield tag="338" ind1="#" ind2="#">
      <subfield code="a"/>
    </datafield>
    <datafield tag="520" ind1=" " ind2="#">
      <subfield code="a">Buku ini membahas beberapa teori kepemimpinan konvensional yang sudah banyak dikenal sebagai peyegaran</subfield>
    </datafield>
    <datafield tag="600" ind1="#" ind2="#">
      <subfield code="a">Manajemen</subfield>
    </datafield>
    <datafield tag="700" ind1=" " ind2="#">
      <subfield code="a"/>
    </datafield>
    <datafield tag="740" ind1="#" ind2="#">
      <subfield code="a"/>
    </datafield>
    <datafield tag="856" ind1="#" ind2="#">
      <subfield code="a">Perpustakaan BKKBN Pusat</subfield>
    </datafield>
    <controlfield tag="Wor">$a 1</controlfield>
  </record>
</collection>
